Missing Word: October Birthdays Quiz Stats

 Plays Quiz Updated Oct 1, 2017

Challenge
Share
Tweet
Embed
Score 0/20 Timer 03:00
2 Plays Today
Hint Missing Word % Correct
_____ Winslet - TitanicKate
97.9%
_____ Gates - MicrosoftBill
96.8%
_____ Stefani - No DoubtGwen
96.5%
_____ Andrews - Mary PoppinsJulie
95.5%
_____ Jackman - WolverineHugh
95.4%
_____ Dogg - RapperSnoop
95.4%
_____ Roberts - Pretty WomanJulia
95%
_____ Cowell - American IdolSimon
94.9%
_____ Clinton - Sec. of StateHillary
93.3%
_____ Efron - High School MusicalZac
92.2%
Hint Missing Word % Correct
_____ Fisher - Princess LeiaCarrie
91.7%
_____ Lauren - Fashion DesignerRalph
87.7%
_____ Mars - 24K MagicBruno
86.7%
_____ Ice - RapperVanilla
83.2%
_____ Osmond - Paper RosesMarie
79.6%
_____ Navratilova - WimbledonMartina
73.9%
_____ Geldof - Live AidBob
64.9%
_____ Perry - Witness and PrismKaty
56%
_____ Rooney - UK FootballerWayne
44%
_____ Maradona - Hand of GodDiego
43.7%

Today's Daily Dose

You're not logged in!

Compare scores with friends on all Sporcle quizzes.
OR
Log In

You Might Also Like...

Show Comments

Extras

Top Quizzes Today


Score Distribution

Your Account Isn't Verified!

In order to create a playlist on Sporcle, you need to verify the email address you used during registration. Go to your Sporcle Settings to finish the process.

Report this User

Report this user for behavior that violates our Community Guidelines.

Details: